Statistics for Districts of Cyprus

Click here to take the quiz!

General Stats

  • This quiz has been taken 22 times
  • The average score is 5 of 6

Answer Stats

Answer% Correct
Limassol
89%
Nicosia
89%
Paphos
89%
Famagusta
79%
Larnaca
79%
Kyrenia
37%

Score Distribution

Percentile by Number Answered

Percent of People with Each Score

Your Score History

You have not taken this quiz